[Event "Budapest Karacsonyi op 5th"]
[Site "Budapest"]
[Date "2013.12.30"]
[Round "7"]
[White "Wallis, Janos"]
[Black "Viola, Gellert"]
[Result "1/2-1/2"]
[WhiteElo "1256"]
[BlackElo "1301"]
[PlyCount "103"]
[EventDate "2013.12.27"]
[EventType "swiss"]
[EventRounds "7"]
[EventCountry "HUN"]
[SourceTitle "CBM 158 Extra"]
[Source "ChessBase"]
[SourceDate "2014.02.28"]
[SourceVersion "1"]
[SourceVersionDate "2014.02.28"]
[SourceQuality "1"]

1. e4 c5 2. Nf3 d6 3. d4 cxd4 4. Nxd4 Nf6 5. Nc3 g6 6. Be3 Bg7 7. f3 0-0 8. Qd2 Nc6 9. Bc4 Bd7 10. a3 Rc8 11. Ba2 Ne5 12. Bh6 Bxh6 13. Qxh6 Qb6 14. 0-0-0 Nc4 15. Bb3 a5 16. a4 Qa7 17. h4 e5 18. Nf5 Bxf5 19. exf5 Kh8 20. fxg6 fxg6 21. Bxc4 Qc5 22. Bb3 b5 23. Nxb5 d5 24. Rhe1 Qb4 25. Rxe5 Qxb3 26. Nc3 Qb7 27. Nxd5 Ng8 28. Qe3 Rb8 29. Qd4 Nf6 30. Nxf6 Rxf6 31. Re8+ Rxe8 32. Qxf6+ Kg8 33. Rd8 Rxd8 34. Qxd8+ Kf7 35. Qxa5 Qe7 36. Qd5+ Kf8 37. Qd2 Qxh4 38. Qd6+ Kf7 39. Qd5+ Kf8 40. Qa8+ Kf7 41. Qb7+ Kf8 42. Qb8+ Kf7 43. g3 Qh1+ 44. Kd2 Qg2+ 45. Ke3 Qxc2 46. Qf4+ Kg7 47. Qe5+ Kf7 48. Qd5+ Kf8 49. Qd6+ Kf7 50. Qd7+ Kf8 51. Qxh7 Qb3+ 52. Kf4 1/2-1/2

[Event "Budapest Karacsonyi op 5th"]
[Site "Budapest"]
[Date "2013.12.27"]
[Round "1"]
[White "Viola, Gellert"]
[Black "Bartuszek, Andras"]
[Result "0-1"]
[WhiteElo "1301"]
[BlackElo "1922"]
[PlyCount "126"]
[EventDate "2013.12.27"]
[EventType "swiss"]
[EventRounds "7"]
[EventCountry "HUN"]
[SourceTitle "CBM 158 Extra"]
[Source "ChessBase"]
[SourceDate "2014.02.28"]
[SourceVersion "1"]
[SourceVersionDate "2014.02.28"]
[SourceQuality "1"]

1. e4 c5 2. Nf3 d6 3. d4 cxd4 4. Nxd4 Nf6 5. Nc3 a6 6. a4 Nc6 7. Be2 g6 8. Be3 Bg7 9. Nxc6 bxc6 10. f4 Qc7 11. 0-0 0-0 12. a5 c5 13. Bf3 Rb8 14. Bc1 Bd7 15. Re1 Bb5 16. e5 dxe5 17. fxe5 Rfd8 18. Bd2 Ne8 19. Nxb5 Rxb5 20. Qe2 c4 21. Bc3 Qc5+ 22. Kh1 Nc7 23. Ra2 e6 24. Ra4 Nd5 25. Rxc4 Nxc3 26. bxc3 Qxe5 27. Qxe5 Rxe5 28. Rxe5 Bxe5 29. Kg1 Rb8 30. g3 Rb5 31. Rc8+ Kg7 32. Be2 Rxa5 33. Rc6 Ra1+ 34. Kg2 a5 35. Rc5 Kf6 36. g4 h6 37. h3 a4 38. Bb5 a3 39. Bc4 Bxc3 40. Rc6 Bb2 41. Ra6 Rd1 42. Bb3 Rd7 43. Kf3 Ke5 44. Ra5+ Kd4 45. Ke2 Rc7 46. Ra4+ Ke5 47. Ra5+ Kf4 48. Kf2 Bd4+ 49. Kg2 Bc5 50. Ra4+ Ke3 51. Ra6 Kd2 52. Kf3 Be7 53. Ra4 Kc3 54. Ke2 Kb2 55. Kd3 Rc3+ 56. Kd2 Rxh3 57. Ra7 Bb4+ 58. Ke2 Rh4 59. Kf3 Rh3+ 60. Ke2 Rxb3 61. cxb3 a2 62. Rxa2+ Kxa2 63. Kd3 Kxb3 0-1

[Event "Budapest Karacsonyi op 4th"]
[Site "Budapest"]
[Date "2012.12.29"]
[Round "5"]
[White "Krizsany, Laszlo Sr"]
[Black "Viola, Gellert"]
[Result "1/2-1/2"]
[WhiteElo "1863"]
[BlackElo "1181"]
[PlyCount "55"]
[EventDate "2012.12.27"]
[EventType "swiss"]
[EventRounds "7"]
[EventCountry "HUN"]
[SourceTitle "EXT 2014"]
[Source "ChessBase"]
[SourceDate "2013.11.20"]
[SourceVersion "1"]
[SourceVersionDate "2013.11.20"]
[SourceQuality "1"]

1. d4 Nf6 2. Nf3 d5 3. g3 g6 4. Bg2 Bg7 5. 0-0 0-0 6. c3 Bf5 7. Re1 c6 8. Nbd2 Nbd7 9. Nh4 e6 10. f3 e5 11. Nxf5 gxf5 12. dxe5 Nxe5 13. Qc2 Qd7 14. Bh3 Rfe8 15. Bxf5 Qe7 16. Bh3 Rad8 17. e3 c5 18. f4 Neg4 19. Nf3 Qc7 20. Bd2 b6 21. Bxg4 Nxg4 22. h3 Nf6 23. Re2 Ne4 24. Be1 b5 25. Nd2 Nxd2 26. Bxd2 a5 27. Rae1 Re7 28. Qf5 1/2-1/2